Prueba de Regiones de Chile: Magallanes - Estadísticas

Estadísticas generales
  • Esta prueba ha sido intentada 14 veces
  • La puntuación promedio es 15 de 20
Estadísticas de respuestas
Pregunta Respuesta % Correcto
Magallanes
100%
Capital Punta Arenas
100%
Lugar considerado la "octava maravilla" Torres del Paine
100%
Paso marítimo que conecta el océano Atlántico con el Pacífico Estrecho de Magallanes
92%
Este presidente chileno nació en esta región Gabriel Boric
92%
Ciudad que se disputa con Ushuaia el reconocimiento como la ciudad más austral del mundo Puerto Williams
92%
Selk'nam
92%
Segunda ciudad más poblada de la región Puerto Natales
85%
Tierra del Fuego
85%
Pueblos indígenas de la región Kawésqar
77%
En este monumento natural se encontraron los restos de unos antiguos mamíferos que se extinguieron durante el Pleistoceno Monumento natural Cueva del Milodón
77%
Provincias Antártica Chilena
69%
Yagán
69%
Isla en la que se encuentra este caserío Isla Navarino
62%
Última Esperanza
62%
Principal actividad económica Ganadería
54%
Lugar poblado más austral de América Puerto Toro
54%
Última hablante del idioma yagán que falleció el 16 de febrero de 2022 Cristina Calderón
46%
Pequeño poblado ubicado en la Isla Wellington conocido en la lengua local como "Jetarktétqal" Puerto Edén
46%
Islas más australes de América Islas Diego Ramírez
31%
No se encontraron pruebas coincidentes
Distribución de puntuación
Porcentaje de gente con cada puntuación
Porcentaje por número respondido
Historial de tus puntuaciones
No has intentado esta prueba.